| 000 | 01337cam a2200301 i 4500 | ||
|---|---|---|---|
| 001 | 18806214 | ||
| 003 | SISC | ||
| 005 | 20161103153558.0 | ||
| 008 | 151005s2016 flu b 001 0 eng | ||
| 010 | _a 2015031118 | ||
| 020 | _a9781498705974 (Hardback : acidfree paper) | ||
| 040 |
_aDLC _beng _cDLC _erda _dDLC |
||
| 042 | _apcc | ||
| 050 | 0 | 0 |
_aTS 176 _b.K319 2016 |
| 082 | 0 | 0 | _a658.5/03 |
| 100 | 1 | _aKale, Vivek. | |
| 245 | 1 | 0 |
_aEnhancing enterprise intelligence : _bleveraging ERP, CRM, SCM, PLM, BPM, and BI / _cVivek Kale. |
| 260 |
_aNew York : _bCRC Press, _c2016. |
||
| 300 |
_axxi, 378 pages ; _c24 cm |
||
| 500 | _a"An Auerbach book." | ||
| 500 | _aIncludes bibliographical references and index. | ||
| 505 | 0 | _aIntelligent enterprises -- Enterprise systems -- Integrated enterprise with ERP -- Customer centric enterprise with CRM -- Customer responsive enterprise with SCM -- Renewing enterprise with PLM -- Collaborative enterprise with BPM -- Informed enterprise with BI -- Implementing enterprise systems . | |
| 650 | 0 |
_aProduction planning _xData processing. |
|
| 650 | 0 |
_aManufacturing resource planning _xComputer programs. |
|
| 906 |
_a7 _bcbc _corignew _d1 _eecip _f20 _gy-gencatlg |
||
| 942 |
_2lcc _cBK _kFOR |
||
| 999 |
_c305174 _d305174 |
||